| 000 | 00688nam a2200241Ia 4500 | ||
|---|---|---|---|
| 003 | GCL | ||
| 008 | 140319s9999 xx 000 0 eng d | ||
| 040 |
_aGCL / _cGCL |
||
| 082 | 0 | 4 |
_a331.259 _bW R |
| 100 | 1 | _aKILLEEN, JOHN | |
| 245 | 1 | 0 |
_aRETHINKING CAREERS EDUCATION AND GUIDANCE: THEORY,POLICY AND PRACTICE / _cKILLEEN, JOHN |
| 700 | 1 | _aWATTS, A.G. | |
| 700 | 1 | _aLAW, BILL | |
| 700 | 1 | _aHAWTHORN, JENNIFER M.RIDD. | |
| 260 |
_a[S.N] : _bROUTLEDGE ، _c1996 |
||
| 300 | _a403 P | ||
| 650 | 0 | 4 | _aCAREER EDUCATION |
| 650 | 0 | 4 | _aEDUCATION - COUNSELLING |
| 650 | 0 | 4 | _aORGANIZATIONAL LEARNING |
| 650 | 0 | 4 | _aVOCATIONAL GUIDANCE |
| 650 | 0 | 4 | _aCAREER DEVELOPMENT |
| 942 |
_2ddc _cBK |
||
| 999 |
_c13078 _d13078 |
||